01113cam a2200289 i 450000100060000000300080000600500170001400800410003103500200007204000270009204100080011908200260012710000470015324500640020025000120026426000470027630000600032350000200038350400300040365000420043365000560047565100640053165100500059594200120064599900170065795201490067426498BD-RjUL20211209051027.0140322s1976 ii abf b 001 0 eng d a(BD-RjUL) 26568 aDLCcDLCdBD-RjULbeng aeng00a954.14219bMUP 19761 aMukhopadhyaya, Samkarananda,d1932-98150012aA profile of Sundarban tribes /cSankarananda Mukhopadhyay. a1st ed. aCalcutta :bFirma KLM Private Ltd.,c1976. avi, 104 p., [2] leaves of plates :bill., map ;c22 cm. aIncludes index. aBibliography: p. [97]-99. 0aEthnologyzIndiazWest Bengal.928390 0aEthnologyxSundarbans (Bangladesh and India)981501 0aSundarbans (Bangladesh and India)xScheduled tribes.981502 0aWest Bengal (India)xScheduled tribes.981503 2ddccBK c26498d26498 00102ddc40728NFICaRUCLbRUCLcReadingd1979-03-06eIndia Int. Calcatag20.00l0o954.14 MUP 1976r2014-03-22 00:00:00tC-1w2014-03-22yBK